| 000 | 01126cam a2200301 i 4500 | ||
|---|---|---|---|
| 001 | 41531 | ||
| 003 | Mx-PuUPA | ||
| 005 | 20250705115529.0 | ||
| 008 | 140415s2017 mx d gr 000 0 spa d | ||
| 040 |
_aMx-PuUPA _bspa _cMx-PuUPA _dMx-PuUPA _erda |
||
| 041 | 0 | _aspa | |
| 100 | 1 |
_aIzar Landeta, Juan Manuel, _eautor _917118 |
|
| 245 | 1 | 0 |
_aIngeniería económica y financiera / _cJuan Manuel Izar Landeta |
| 250 |
_aSegunda edición / _benero |
||
| 264 | 1 |
_aMéxico, Ciudad de México : _bEditorial Trillas, _c2017 |
|
| 300 |
_a382 páginas : _bgráficas, tablas, cálculos, fórmulas ; _c23 cm |
||
| 336 |
_2rdacontent _atexto _btxt |
||
| 337 |
_2rdamedia _asin medio _bn |
||
| 338 |
_2rdacarrier _avolumen _bnc |
||
| 500 | _a"Valor económico agregado ; Métodos de depreciación ; Costeo basado en actividades o ABC".-- Cubierta | ||
| 650 | 7 |
_2armarc _aFinanzas |
|
| 650 | 7 |
_2armarc _aIngeniería económica |
|
| 650 | 7 |
_2armarc _aIngeniería industrial |
|
| 942 |
_2ddc _cLI _h332 _iI8 |
||
| 999 |
_c41531 _d41531 |
||